000 00312 a2200145 4500
001 174392
020 _a
040 _cMagnum
100 _aPortes, Max de Figueiredo
240 1 0 _aO misterio no galinheiro
_lpor
245 1 0 _aO misterio no galinheiro
362 0 _a1899
697 _aI/ANIMAIS
942 _cBK
999 _c174392
_d174392